000 01839nam0a2200349 4500
001 RU\NLR\BIBL_A\011267914
005 20260408202817.0
035 _a(NLR Aleph) 011267914
090 _a10805805
_c10805805
100 _a20161111d1903 |||y0rusy50 ca
101 0 _arus
102 _aRU
105 _ay|||i||||||z|
135 _acrmn mmmapaba
200 1 _aСписок населенных мест Забайкальской области к 1 января 1902 года. (Без городов). Уезды: Акшинский, Верхнеудинский, Нерчинский, Нерчинско-Заводский, Селенгинский и Читинский
210 _a[Чита]
_cЗабайкальск. обл. стат. ком.
_d1903
215 _a209 с. разд. паг.
_d33
325 1 _aКопия доступна в Электрон. б-ке РНБ
517 1 _aУезды: Акшинский, Верхнеудинский, Нерчинский, Нерчинско-Заводский, Селенгинский и Читинский
606 _aНаселенные места
_yЗабайкальская область
_3RU\NLR\AUTH\661516025
_92562990
686 1 _aУ04(28)25
686 _aТ3(2Р54)5-22
712 0 2 _4570
_aЗабайкальский областной статистический комитет
_9536690
_3RU\NLR\AUTH\880436180
852 _aNLR
_j18.62.1.7
901 _eКнижные издания
942 _cBOOK
980 _aNB
981 2 2 _a(22) Материалы по истории России
_b(22) Населенные места Российской Империи